Profil membaca rakyat Malaysia 1996 : laporan kajian yang dijalankan bagi pihak Perpustakaan Negara Malaysia

Bibliographic Details
Corporate Author: Perpustakaan negara Malaysia
Other Authors: Rahimah Hj. Ahmad
Format: Book
Published: Kuala Lumpur : Perpustakaan Negara Malaysia , 1998
Subjects:

MARC

LEADER 00000cam a2200000 7i4500
001 0000007151
005 20050427.0
020 |a 9679310833 
040 |a INS 
090 0 0 |a RZ1003.5M4   |b F828 1998 
245 1 0 |a Profil membaca rakyat Malaysia 1996 :   |b laporan kajian yang dijalankan bagi pihak Perpustakaan Negara Malaysia   |c disediakan oleh Frank small & Associates (S. E. Asia) 
260 |a Kuala Lumpur :   |b Perpustakaan Negara Malaysia ,   |c 1998 
300 |a 274 ms ;   |c 26 cm. 
650 0 0 |a Library use studies   |z Malaysia 
650 0 0 |a Literacy   |z Malaysia 
650 0 0 |a Readership survey   |z Malaysia 
650 0 0 |a Reading interests   |z Malaysia 
650 0 0 |a Reading   |z Malaysia 
700 0 |a Rahimah Hj. Ahmad 
710 2 |a Perpustakaan negara Malaysia 
999 |a 0000007700   |b BOOK   |c Reference   |e Default branch